000 004050000a22001690004500
003 MACL
005 20160130131933.0
008 160130b xxu||||| |||| 00| 0 eng d
040 _aMACL
_cMACL
041 _aEnglish
082 _a823/ASI
100 _aAsimov, Isac
_935357
245 _aPrelude to Founcation
260 _bBantam Books
_aAmerica
650 _aFiction
_935976
942 _cBK
_k823/Asi
_2ddc
999 _c31849
_d31849